LEADER 04187nas# 22004091i 450 001 UON00267337 005 20240422013853.142 011 $a0004-5608 017 70$2P$aP 51225 100 $a20051004a2000 |0itac50 ba 101 $aeng 102 $aUS 105 $a|||| ||||| 110 $aaQ||||||||| 200 1 $aAnnals of the Association of American Geographers$fAssociation of American Geographers 207 $a1(1911) - 210 $aWashington$cAssociation of American Geographers 215 $aTrimestrale 311 $aMap supplement no. 18$9UON00450937 316 $aFatt. 3.3.98$5IT-UONSI A Perscienze soc/1998 316 $aFatt. del 8.3.00$5IT-UONSI A Perscienze soc/2000 463 0$1001UON00450937$12001 $aMapping an American frontier: Oregon in 1850$fBy William A. Bowen$1205 $aWashington : Association of the American Geographers$b1975$1210 $a1 c.$ccol. ; 104 x 75 cm$1215 $aMap supplement number 18, Annals of the Association of the American Geographers, v. 65, n. 1, March 1975$v65 (1975) Map supplement no. 18 606 $aGeografia$xPeriodici$3UONC035862$2FI 620 $aUS$dWashington, D.C.$3UONL004796 686 $aUS$cSTATI UNITI - PERIODICI$2A 686 $aABBONAMENTI$cABBONAMENTI - PERIODICI$2A 686 $aGEOGRAFIA$cGEOGRAFIA - PERIODICI$2A 686 $aperiodici annullati$cdal 2003 da SA e trasferiti a SC$2A 712 02$aAssociation of American Geographers$cWashington$3UONV011171 712 $aAssociation of American Geographers$3UONV248166$4650 801 $aIT$bSOL$c20250919$gRICA 899 $aSIBA - SISTEMA BIBLIOTECARIO DI ATENEO$2UONSI$421(1931) > 51(1961) *C* 68(1978) > 73(1983) *C* 75(1985) > 79(1989) *C* 80(1990) *1,2,4* 81(1991) *1,3,4* 82(1992) > 92(2002) *C* 21(1931)*1>3* 22(1932)*C* 23(1933)*1* 24(1934)*1* 25(1935)*1* 26(1936)*1* 27(1937)*1,2,4* 28(1938)*C* 29(1939)1,2* 30(1940)*1,4* 31(1941)*C* 32(1942)*1>3* 33(1943) > 34(1944)*C* 35(1945)*1,4* 36(1946)*1,3,4* 37(1947)*1>3* 38(1948)*1* 39(1949) > 40(1950)*C* 41(1951)*1>3* 42(1952) > 49(1959)*C* 50(1960)*1,2,4* 51(1961) > 62(1972)*C* 63(1973)*2,4* 64(1974) > 70(1980)*C* 71(1981)*1>3* 72(1982)> 73(1983)*C* 75(1985) > 88(1998)*C* 90(2000)*2>4* 91(2001) > 92(2002)*C* 95(2005)$cCOLLOCATO A SCIENZE SOCIALI ; RIV A 678 ; 912 $aUON00267337 950 $aSIBA - SISTEMA BIBLIOTECARIO DI ATENEO$bSI 21(1931) > 51(1961) *C* 68(1978) > 73(1983) *C* 75(1985) > 79(1989) *C* 80(1990) *1,2,4* 81(1991) *1,3,4* 82(1992) > 92(2002) *C*$dSI A Per scienze soc 1994 $eSI SA 76728 7 1994 $eSI SA 105614 7 2002 $dSI A Per scienze soc 1998 $eSI SA 90244 7 1998 Fatt. 3.3.98$dSI A Per scienze soc 2000 $eSI SA 93632 7 2000 Fatt. del 8.3.00$dSI A Per scienze soc $eSI SA 102414 7 950 $aSIBA - SISTEMA BIBLIOTECARIO DI ATENEO$bSI 21(1931)*1>3* 22(1932)*C* 23(1933)*1* 24(1934)*1* 25(1935)*1* 26(1936)*1* 27(1937)*1,2,4* 28(1938)*C* 29(1939)1,2* 30(1940)*1,4* 31(1941)*C* 32(1942)*1>3* 33(1943) > 34(1944)*C* 35(1945)*1,4* 36(1946)*1,3,4* 37(1947)*1>3* 38(1948)*1* 39(1949) > 40(1950)*C* 41(1951)*1>3* 42(1952) > 49(1959)*C* 50(1960)*1,2,4* 51(1961) > 62(1972)*C* 63(1973)*2,4* 64(1974) > 70(1980)*C* 71(1981)*1>3* 72(1982)> 73(1983)*C* 75(1985) > 88(1998)*C* 90(2000)*2>4* 91(2001) > 92(2002)*C* 95(2005)$dSI 678 Studio 2.2 2005 $eSI SC 40834 7 2005 $dSI 678 Studio 2.2 2006 $eSI SC 41243 7 2006 $dSI 678 Studio 2.2 2007 $eSI SC 42727 7 2007 $dSI 678 Studio 2.2 2008 $eSI SC 44232 7 2008 $dSI 678 Studio 2.2 2009 $eSI SC 45577 7 2009 996 $aAnnals of the Association of American Geographers$9801086 997 $aUNIOR